General Knowledge Quiz - Statistics

General Stats
  • This quiz has been taken 21 times
  • The average score is 7 of 20
Answer Stats
Hint Answer % Correct
Who wrote 1984? George Orwell
79%
What game can you castle in? Chess
74%
What is the Capital of Venezuela? Caracas
68%
What sport did Barry Bonds play in? Baseball
63%
Who invented Dynamite? Alfred Nobel
58%
What three headed dog guards the gates of hell? Cerberus
53%
The sitcom Frasier takes place in what city? Seattle
53%
The Deepwater Horizon oil spill happened in what body of water? The Gulf of Mexico
53%
Who hosted the 2018 Winter Olympics? South Korea
37%
How many years was the hundred years war? 116
32%
A positively charged ion is called what? Cation
32%
What is the chemical formula for sulfuric acid? H2SO4
32%
What was the most played song of 2020? Blinding Lights
16%
What does the Higgs field give matter? Mass
16%
What does ETF stand for in finance? Exchange Traded Fund
11%
Historically the Merina Kingdom ruled over what Island? Madagascar
11%
The Schwarzschild Radius is in relation to what? Black Holes
5%
What is the highest yeilding nuclear bomb ever tested by the United States? Castle Bravo
5%
What Mathematical constant is approximately 1.618034? The Golden Ratio
5%
What show is Marty Byrde from? Ozark
0%
No matching quizzes found
Score Distribution
Percent of People with Each Score
Percentile by Number Answered
Your Score History
You have not taken this quiz